000 00698nam a22002297a 4500
999 _c5826
_d5826
003 AR-CdUCM
008 190313b ||||| |||| 00| 0 spa d
040 _aMUNICIPALIDAD PROVINCIAL DEL CUSCO
_cBIBLIOTECA MUNICIPAL DEL CUSCO
082 _a869.33 /
_bJ53
100 _aJimenez, Juan Ramon
_92631
245 _aPoesia en Prosa y Verso /
260 _aMadrid :
_bAguilar,
_c1962.
300 _a136 paginas ;
_bIlustraciones a color,
_c23cm.
500 _aColeccion el globo de colores
650 _aPoesia EspaƱola
_9158
650 _aLiteratura
_983
650 _aHispano
_917258
650 _aSiglo XX
_98
700 _aCamprubi Aymar, Zenobia
_917259
942 _2ddc
_cLIBROS
945 _apjha